Città delle Regioni Pokémon di Johto e Kanto nella Mappa - Statistics

Statistiche generali
  • Questo quiz è stato fatto 265 volte
  • Il punteggio medio è 28 su 48
Risposte nella Mappa
Le risposte nella mappa del quiz sottostante sono codificate secondo una scala di colori dal rosso al verde in base alla % di persone che hanno risposto correttamente.
 
Statistiche sulle risposte
Risposta % Corretto
Borgo Foglianova
75%
Biancavilla
74%
Altopiano Blu
68%
Isola Cannella
68%
Lavandonia
68%
Monte Argento
68%
Pozzo Slowpoke
68%
Aranciopoli
67%
Isole Spumarine
66%
Lago d'Ira
65%
Smeraldopoli
65%
Isole Vorticose
64%
Faro di Olivinopoli
63%
Olivinopoli
62%
Azalina
61%
Grotta Celeste
61%
Plumbeopoli
61%
Bosco di Lecci
60%
Celestopoli
60%
Torre Sprout
60%
Azzurropoli
59%
Ebanopoli
59%
Mogania
59%
Rovine d'Alfa
59%
Amarantopoli
58%
Bosco Smeraldo
58%
Monte Luna
58%
Via Vittoria
58%
Violapoli
58%
Zafferanopoli
58%
Fiorlisopoli
57%
Fucsiapoli
57%
Torre Bruciata
57%
Torre Campana
57%
Fiordoropoli
56%
Grotta Diglett
54%
Tana del Drago
54%
Cascate Tohjo
53%
Monte Scodella
50%
Zona Safari
49%
Fiorpescopoli
48%
Grotta di Mezzo
48%
Centrale Elettrica
47%
Parco Nazionale
46%
Grotta Scura
43%
Parco Lotta
43%
Tunnel Roccioso
43%
Parco Amici
35%
Nessun quiz corrispondente trovato
Distribuzione punteggi
Percentuale di utenti per punteggio
Percentile per numero di risposta
I tuoi punteggi nel tempo
Non hai fatto questo quiz